000 01073njm a22002657a 4500
005 20100906161734.0
006 a|||||r|||||00| 0
007 sd ammalaaahaa
008 100901t xxu||||| |||| 00| 0 eng d
028 _aGE 23156
_bColumbia
035 _aGR-910
040 _aSED
_cSED
100 _aUstad Nasir Ahmad Khan
_917825
245 _aMai jaane na dungi:
_cby Ustad Nasir Ahmad Khan
_h[sound recording]
_braag kedar /
246 _aमै जाने न दुँगी / उस्ताद नासिर अहमद खान
260 _aMiddlesex, England
_bColumbia
300 _a1 sound disc [Gramophone Recording] :
_banalog, 33 1/3 rpm
_c9.5 in. (MP)
_fGramophone Records
500 _aBrief record
505 _aSide-2 अब तो पिया पास जा - राग तोडी (Ab to piya pas ja) (Ustad Nasir Ahmad Khan)
650 _aClassical music
_xExcerpts
_zIndia
_917826
700 _917827
700 _917828
942 _2ddc
_cGR
999 _c44099
_d44099